[Event "MPL National Senior Chess-ch 2022"]
[Site "Kanpur"]
[Date "2022.03.02"]
[Round "9.13"]
[White "Aaryan Varshney"]
[Black "Koustav Chatterjee"]
[Result "1/2-1/2"]
[WhiteElo "2277"]
[BlackElo "2466"]
[Annotator "TA"]
[PlyCount "107"]
[EventDate "2022.02.25"]
[EventCountry "IND"]
[SourceTitle "playchess.com"]
[Source "ChessBase"]
[SourceQuality "1"]

{[%evp 9,107,16,31,28,35,38,51,22,25,22,24,22,31,26,47,0,0,0,3,0,8,0,0,7,3,0,2,0,0,0,0,0,0,0,22,0,4,0,4,0,78,0,0,0,0,-8,-8,-9,0,0,0,0,0,-4,-4,-41,-10,-16,-10,-10,0,0,0,-5,-9,-7,-10,-105,-108,-117,-137,-128,-15,-15,0,0,0,0,0,0,0,0,0,0,0,0,0,0,0,0,0,0,0,-6,-6,-9,-2,-10,-8,-14]} 1. d4 d5 2. c4 e6 3. Nc3 a6 4. cxd5 exd5 5. Nf3 c6 6. Bf4 {D31: Queen's Gambit Declined: Semi-Slav without ...Nf6 (+ Marshall Gambit and Noteboom) and Exchange Variation lines without ...Nf6.} Bd6 7. Bxd6 Qxd6 8. e3 {White is slightly better.} (8. e4 $5 {[%cal Rf1d3]}) 8... Ne7 9. Bd3 O-O 10. O-O Bf5 11. Bxf5 Nxf5 12. Qb3 {[#]} (12. e4 $14 Ne7 13. e5) 12... Nd7 $146 ({Predecessor:} 12... Qe7 13. Rac1 Nd6 14. Ne5 Nd7 15. Nxd7 Qxd7 16. Na4 Rae8 17. Nc5 Qe7 18. Qd3 f5 19. Qd2 Ne4 20. Nxe4 fxe4 {½-½ (20) Tin,J (2464)-Villegas,P (2364) Chess.com INT 2020}) 13. e4 (13. Qxb7 $2 Rfb8 14. Qxa8 Rxa8 $19) 13... dxe4 14. Nxe4 Qc7 15. d5 c5 16. Rac1 Rac8 17. Rfe1 b5 18. Qc2 Nd6 19. Nd4 {Nxd6 is the strong threat.} Rce8 20. Nc6 c4 21. b3 {[%cal Rb3c4]} Nb6 {White must now prevent ...Nxe4.} 22. Ng5 {[%csl Gg5][%cal Rc2h7]} g6 23. Qd2 Qd7 24. Qd4 Rxe1+ 25. Rxe1 Re8 {[%cal Re8e1] Prevents Ne7+.} 26. Re5 c3 {[%cal Ob6d5]} 27. Qxc3 {[#]} Nxd5 $1 28. Qh3 ({Not} 28. Rxd5 $2 Qxc6 $3 {[%mdl 512]} 29. Qa1 Qxd5 $19) 28... Qxh3 29. Rxe8+ Nxe8 30. Nxh3 {[%mdl 4096] Endgame KNN-KNN} f6 {[%cal Bf7f6,Bf6f5][%mdl 32]} 31. f3 Kf7 32. Nf2 Ke6 (32... Nc3 $5 {[%cal Rc3a2]}) 33. Ne4 f5 34. Nd4+ $1 Ke5 35. Nc6+ Ke6 36. Nd4+ $1 Ke7 (36... Ke5 $5 37. Nc6+ Ke6 $11) 37. Nc5 Nec7 38. a4 {[#]} (38. a3 $11 {remains equal.}) 38... Nb4 $1 $17 {Strongly threatening ...Kd6.} 39. axb5 axb5 {Threatens to win with ...Kd6.} 40. Nb7 {[#]} Nd3 ({Black should try} 40... Kd7 $1 $17 {And now ...Nc6 would win.} 41. Kf2 Nc6 42. Nc5+ Kd6 43. Nb7+ Kd5) 41. Kf1 {The position is equal.} Kf6 42. Nd6 b4 {Hoping for ...Ke5.} 43. Nc4 Ne6 44. Nc2 Nec5 45. Na5 Ke6 46. Nc6 Na6 47. Ke2 Nf4+ 48. Ke3 Nxg2+ 49. Kf2 Nf4 50. N2xb4 Nc5 51. Nd4+ Ke5 52. Nbc2 Nd5 {[%cal Od5b4]} 53. Nc6+ Kd6 54. N6d4 {Weighted Error Value: White=0.07 (flawless) /Black=0.07 (flawless)} 1/2-1/2

[Event "MPL National Senior Chess-ch 2022"]
[Site "Kanpur"]
[Date "2022.03.02"]
[Round "9.14"]
[White "Ratnakaran, K.."]
[Black "Das, Sayantan"]
[Result "1-0"]
[WhiteElo "2316"]
[BlackElo "2459"]
[Annotator "TA"]
[PlyCount "79"]
[EventDate "2022.02.25"]
[EventCountry "IND"]
[SourceTitle "playchess.com"]
[Source "ChessBase"]
[SourceQuality "1"]

{[%evp 9,79,7,12,16,60,74,69,70,75,77,102,102,106,72,75,38,46,35,50,10,33,38,56,36,34,55,83,71,69,68,84,85,115,118,139,136,209,198,222,206,358,380,358,381,355,380,377,364,329,240,247,236,240,232,266,264,269,264,305,306,294,286,337,328,414,383,407,427,709,698,785,765]} 1. e4 c6 2. Nc3 d5 3. Nf3 Bg4 4. h3 Bxf3 5. Qxf3 e6 6. Qg3 {[#] B11: Caro-Kann: Two Knights Variation.} Qa5 $146 (6... Ne7 $11 {was preferrable.}) ({Predecessor:} 6... h5 7. d4 dxe4 8. Nxe4 Qxd4 9. Bd3 Nf6 10. Nxf6+ Qxf6 11. Qc7 Bc5 12. O-O Nd7 13. Qxb7 Rd8 14. Qxc6 {1-0 (32) Bartel,M (2643)-Tari,A (2630) chess24.com INT 2020}) 7. exd5 $14 cxd5 8. b4 {White is slightly better.} Qd8 {[#]} 9. Nb5 $1 {Black must now prevent Nc7+.} Na6 {To avoid Nc7+} 10. Bb2 Nf6 11. Bd3 Be7 12. O-O {White is much more active.} (12. Qxg7 Rg8 13. Qh6 Nxb4 $11) 12... O-O 13. a3 Ne8 14. f4 Bh4 15. Qe3 Bf6 16. Bxf6 (16. Be5 $5 {[%cal Rb5a7]}) 16... Nxf6 17. f5 Re8 18. fxe6 ({Don't blunder} 18. Nxa7 $2 d4 19. Qf2 Rxa7 $19) 18... Rxe6 19. Qf4 Qb6+ {White now steadily converts the win.} 20. Kh1 Rae8 21. c3 Re5 22. a4 Qe6 (22... Qd8 $16 {keeps fighting.}) 23. Nd4 $18 ({Resist} 23. Nxa7 $6 Nh5 24. Qf2 Nc7 $16) 23... Qc8 24. Nf5 {[%cal Of5g7]} R8e6 $2 {[#]} (24... Qe6 {might work better.} 25. Nd4 Qb6) 25. Nxg7 $1 {[%mdl 512]} Kxg7 26. Qg3+ Kf8 {[#] Hoping for ...Qc7.} 27. Rxf6 $1 {[%mdl 576] Deflection} Rxf6 28. Qxe5 Qe6 29. Qxe6 Rxe6 30. Bxh7 {[%mdl 4096] Endgame KRB-KRN} d4 31. Rf1 Nc7 32. Bd3 ({But not} 32. cxd4 Rd6 33. Bc2 Rxd4 $18) 32... dxc3 33. dxc3 Rc6 34. Be4 Rxc3 35. Bxb7 Rb3 36. Rf4 a5 37. Rc4 Ne8 38. Rc8 Ke7 (38... axb4 $142 39. Bc6 Re3) 39. Bc6 Nd6 40. Rc7+ {Weighted Error Value: White=0.08 (flawless) /Black=0.24 (precise)} 1-0

[Event "MPL National Senior Chess-ch 2022"]
[Site "Kanpur"]
[Date "2022.03.02"]
[Round "10.1"]
[White "Erigaisi Arjun"]
[Black "Iniyan, P."]
[Result "1/2-1/2"]
[WhiteElo "2633"]
[BlackElo "2516"]
[Annotator "TA"]
[PlyCount "82"]
[EventDate "2022.02.25"]
[EventCountry "IND"]
[SourceTitle "playchess.com"]
[Source "ChessBase"]
[SourceQuality "1"]

{[%evp 14,82,12,2,14,15,12,10,13,2,25,0,28,26,21,25,35,0,0,0,0,-12,0,5,20,25,35,17,42,35,41,0,31,11,11,0,11,0,0,-5,0,-11,0,-22,-23,-42,-55,-53,-64,-58,-64,-72,-47,-47,-47,-52,-59,-85,-83,-88,-41,-40,-25,-25,0,0,0,-25,0,0,0]} 1. d4 Nf6 2. Nf3 e6 3. Bf4 b6 4. e3 Bb7 5. Bd3 Be7 6. h3 O-O 7. Nbd2 c5 $1 {7...c5 scores better than 7...d5.} 8. c3 {[%cal Bc2c3,Bc3d4][%mdl 32]} Ba6 {A47: 1 d4 Nf6 2 Nf3 b6: Torre, London and Colle Systems.} 9. Bxa6 Nxa6 10. O-O Qc8 11. e4 {[%cal Be3e4,Be4e5][%mdl 32] [#]} cxd4 $146 ({Predecessor:} 11... d5 12. e5 Nd7 13. Re1 b5 14. Re3 Kh8 15. Ne1 f5 16. exf6 Bxf6 17. Ndf3 Bxd4 18. Nxd4 cxd4 19. Qxd4 {½-½ (41) Votava,J (2520)-Zelbel,P (2357) Austria 2012}) 12. cxd4 d5 13. e5 Nd7 14. a3 Qb7 15. Re1 Rfc8 16. Nf1 {[%cal Bd2f1,Bf1e3,Be3g4][%mdl 32]} b5 17. b3 Rc6 18. h4 {[%cal Bh3h4,Bh4h5][%mdl 32]} Nc7 19. h5 a5 20. Ne3 Ne8 21. Ng4 a4 22. b4 (22. h6 $14) 22... Rac8 23. Bd2 Nb6 24. Qe2 Qa7 25. Red1 ({Don't blunder} 25. Qxb5 $2 Nc4 26. Rec1 R6c7 27. Rxc4 dxc4 $19) 25... Nc4 26. Bf4 Nb6 27. Bd2 ({Not} 27. Qxb5 $2 Nc4 28. Rdc1 Rb6 $19) 27... Nc4 28. Be1 f5 29. exf6 gxf6 30. Rd3 {[%cal Of3e5]} Kh8 31. Bd2 Qd7 32. Nh4 {[%cal Oh4g6] [#] Threatens to win with Ng6+!} f5 33. Ne5 Nxe5 34. Qxe5+ Bf6 35. Qf4 Nd6 36. Nf3 {[#]} Nc4 ({Black should try} 36... Rc2 $1 $17) 37. Re1 $15 Rg8 38. Qh2 Nb2 39. Rde3 {Hoping for Ne5.} Nc4 40. Rd3 Nb2 41. Rde3 {aiming for Ne5.} Nc4 {Weighted Error Value: White=0.07 (flawless) /Black=0.10 (very precise)} 1/2-1/2

[Event "MPL National Senior Chess-ch 2022"]
[Site "Kanpur"]
[Date "2022.03.02"]
[Round "10.2"]
[White "Aravindh, Chithambaram VR."]
[Black "Aryan Chopra"]
[Result "1/2-1/2"]
[WhiteElo "2611"]
[BlackElo "2585"]
[Annotator "TA"]
[PlyCount "126"]
[EventDate "2022.02.25"]
[EventCountry "IND"]
[SourceTitle "playchess.com"]
[Source "ChessBase"]
[SourceQuality "1"]

{[%evp 18,126,16,0,0,0,2,-24,-23,-23,-23,-47,-35,-25,-28,-25,-30,-33,-32,-43,-31,-26,-22,-25,-34,-22,8,10,14,-37,0,0,0,0,0,0,0,0,0,0,0,0,0,0,0,0,0,0,0,0,0,0,0,0,132,159,166,173,173,10,12,0,190,0,0,0,0,0,0,0,0,0,0,0,67,0,0,0,0,0,0,0,0,0,0,0,0,0,0,0,0,0,0,0,0,0,0,0,0,0,0,0,0,0,0,0,0,0,0,0,0]} 1. d4 Nf6 2. Nf3 e6 3. e3 b6 4. Bd3 Bb7 5. O-O d5 6. b3 Nbd7 7. Bb2 c5 8. Nbd2 Bd6 9. Ne5 O-O 10. f4 cxd4 {D05: Colle System with ...e6.} 11. exd4 Ne4 12. Bxe4 dxe4 {Black has an edge.} 13. Ndc4 Be7 14. Ne3 f5 {[#]} 15. Nxd7 $146 ({Predecessor:} 15. Qe2 Nxe5 16. dxe5 Qc7 17. Rfd1 Rfd8 18. Bd4 Rd7 19. c3 Rad8 {½-½ (19) Vezzosi,P (2380)-Bresciani,N (2289) Bratto 2005}) 15... Qxd7 16. c4 b5 17. Rf2 bxc4 18. bxc4 Rad8 19. Qb3 Rb8 20. Qc3 Ba6 21. Rd1 Rfc8 22. d5 $1 {[%csl Gb2][%cal Rc3g7]} Bf6 23. Qc1 (23. Qa3 $11 Rxb2 24. Rxb2 Bxb2 25. Qxb2 (25. Qxa6 e5 $11)) 23... Bxb2 (23... Bxc4 {keeps more tension.} 24. Bxf6 Bb3 25. Be5 Rxc1 26. Rxc1 Rc8) 24. Rxb2 Rxb2 25. Qxb2 Bxc4 26. Nxc4 Rxc4 $15 {[%mdl 4096] Endgame KQR-KQR} 27. Qb3 $1 Qc8 {aiming for ...Qc5+.} (27... exd5 $2 28. Qxc4 $3 {[%mdl 512]} dxc4 29. Rxd7 $18) 28. d6 {[%cal Bd5d6,Bd6d7][%mdl 32] White wants to mate with d7.} Rc1 29. d7 Rxd1+ 30. Qxd1 $11 {KQ-KQ} Qd8 31. Qd6 Kf7 32. Kf1 h6 33. g3 h5 34. Ke2 a6 35. Ke3 g5 {[#]} (35... a5 $11) 36. fxg5 $1 $16 {White is much more active.} Qxg5+ 37. Ke2 Qd8 38. a4 $2 (38. Kf1 $18) 38... Kf6 $1 $11 39. a5 $2 (39. Ke3 $11) 39... Kf7 $18 40. h3 $2 (40. Kf1 $18) 40... Kf6 $11 41. Ke3 Kf7 42. Kf4 Kf6 43. Ke3 Kf7 44. Ke2 (44. Kf2 $11) 44... Kf6 $14 45. Kf2 Kf7 46. h4 (46. Ke3 $14) 46... Kf6 $11 {The position is equal.} 47. Ke3 Kf7 48. Kf4 Kf6 49. g4 fxg4 50. Kxe4 Kf7 51. Ke3 Kf6 52. Kd4 {Strongly threatening Kc5.} Kf7 53. Ke4 Kf6 54. Ke3 Kf7 $1 55. Kd4 g3 $1 {And now ...g2 would win.} 56. Ke3 g2 57. Kf2 Qxh4+ 58. Kxg2 Qe4+ 59. Kf2 Qc2+ 60. Ke3 Qc3+ 61. Ke4 Qc4+ 62. Ke3 Qc3+ 63. Ke4 Qc4+ {Weighted Error Value: White=0.13 (very precise) /Black=0.07 (flawless)} 1/2-1/2

[Event "MPL National Senior Chess-ch 2022"]
[Site "Kanpur"]
[Date "2022.03.02"]
[Round "10.3"]
[White "Gupta, Abhijeet"]
[Black "Gukesh D"]
[Result "0-1"]
[WhiteElo "2628"]
[BlackElo "2614"]
[Annotator "TA"]
[PlyCount "128"]
[EventDate "2022.02.25"]
[EventCountry "IND"]
[SourceTitle "playchess.com"]
[Source "ChessBase"]
[SourceQuality "1"]

{[%evp 9,128,-14,5,-35,-36,-38,0,0,-12,-39,-24,-37,-27,-13,0,0,19,-18,-8,-33,12,12,25,13,35,31,42,43,36,0,0,-14,0,8,4,10,83,70,58,0,0,0,0,0,0,-36,-13,-7,-31,-43,-29,-34,0,-27,-24,-43,0,-51,-41,-64,0,-8,-9,-20,-8,-66,-8,-49,-8,-95,-36,-164,-178,-175,-181,-185,-168,-193,-135,-150,-161,-186,-181,-170,-149,-148,-181,-182,-230,-308,-207,-195,-197,-320,-209,-193,0,-470,-470,-779,-715,-887,-760,-29958,-29964,-29964,-29965,-29975,-29976,-29977,-29977,-29979,-29980,-29981,-29982,-29982,-29983,-29985,-29986,-29986,-29987]} 1. d4 Nf6 2. c4 e6 3. Nc3 Bb4 4. a3 Bxc3+ 5. bxc3 Nc6 6. f3 {E24: Nimzo-Indian: Sämisch: Unusual Black 5th moves and 5...c5 sidelines.} b6 7. e4 d6 8. Bd3 {The position is equal.} Na5 9. Bg5 h6 10. Bh4 g5 11. Bf2 {[#]} Rg8 $146 ({Predecessor:} 11... Ba6 12. h4 Rg8 13. hxg5 hxg5 14. Ne2 Qd7 15. e5 dxe5 16. dxe5 O-O-O 17. Nd4 Ne8 {1-0 (29) Carlsen,M (2876)-Pichot,A (2590) chess24.com INT 2019}) 12. Ne2 {[%cal Bg1e2,Be2d4,Bd4b5][%mdl 32]} Ba6 13. O-O Qd7 14. d5 {[%cal Oc4c5]} c5 (14... Bxc4 $15 15. Nd4 Kf8) 15. dxc6 $11 Nxc6 16. Nd4 Ne5 17. Nb5 $1 Ke7 {[%cal Oe5c4]} 18. a4 Rgc8 19. Be2 {[%cal Ob5d6]} Nxc4 20. Nd4 Nb2 {[%csl LRc3,LRd1] Pair of Knights!} 21. Qc2 Bxe2 22. Qxe2 Nxa4 (22... Nc4 $1 $11) 23. e5 $1 $16 Ne8 (23... dxe5 $2 24. Qxe5 Nd5 25. c4 $18) 24. f4 (24. Nb5 $1 $14 Nc5 25. Nxd6 Nxd6 26. Rad1) 24... Nxc3 $11 25. Qh5 {[%csl LRg5,LRh6]} dxe5 (25... gxf4 $2 26. Bh4+ f6 27. exf6+ Kd8 28. f7+ Kc7 29. f8=Q $18) 26. fxe5 Kd8 {[%cal Be7d8,Bd8c8,Bc8b7][%mdl 32]} 27. Be3 Rc7 $1 28. Nf3 {[%cal Oe3b6] Hoping for Bxb6!} Nd5 (28... Ne2+ 29. Kh1 Qc6 30. Nxg5 $1 (30. Qxh6 Kc8 $16) 30... hxg5 31. Qxe2 $16) 29. Rfd1 {[%cal Oe3b6]} Rb8 30. Qxh6 Kc8 (30... g4 $5 {[%cal Rg4f3]} 31. Nd2 Kc8 $15) 31. Bxg5 Kb7 32. h4 Qb5 (32... a5 $15) 33. Kh1 (33. Nd4 $11 Qd7 34. Qh5) 33... Rbc8 34. h5 Qb4 (34... Qe2 $15) 35. Rd4 Qb2 36. Rda4 a5 37. R4a2 ({Better is} 37. Bd2 $11) 37... Qb3 (37... Qb5 $15) 38. Bd2 $1 Ra8 (38... Qb5 $1 $15) 39. Ra3 (39. Qg5 $1 $11) 39... Qc2 $17 40. Qg5 {[#]} (40. Kg1 $1 $15) 40... f6 $1 $36 {[%cal Bf7f6,Bf6e5][%mdl 2080] Keeping White busy.} 41. Qg4 {[#]} fxe5 $1 42. Qxe6 Nef6 {Threatens to win with ...Rh8.} 43. Rc1 Qh7 {Active counter play!} (43... Qxc1+ $19 44. Bxc1 Rxc1+ 45. Ng1 Re8) 44. Rxc7+ $17 ({Don't go for} 44. Nxe5 $2 Rxc1+ 45. Bxc1 Qxh5+ 46. Rh3 Qd1+ 47. Kh2 Qxc1 $19) 44... Qxc7 {The board is on fire.} 45. Qxe5 ({Wrong is} 45. Nxe5 $2 Re8 46. Qc6+ Qxc6 $19) 45... Qxe5 46. Nxe5 Nxh5 ({Weaker is} 46... Re8 47. Nc4 Ne4 48. h6 $15) 47. g4 Nhf6 48. g5 Ne4 49. Nf3 Nxd2 50. Nxd2 $19 {[%mdl 4096] Endgame KRN-KRN} b5 {White must now prevent ...a4.} 51. Rd3 (51. Kg1 {was worth a try.}) 51... Nf4 52. Rf3 Nd5 (52... Ne6 $19 {...Rd8 is the strong threat.} 53. Rf6 Nc5) 53. Rf5 $2 {[%mdl 8192]} (53. Rd3 $1 $11 {and White has nothing to worry.}) 53... Kc6 54. Nb3 (54. Kg1 $142 a4 55. Kf2) 54... a4 {[%cal Ba5a4,Ba4a3][%mdl 32]} 55. Nd4+ Kc5 56. Nxb5 Kxb5 {Black mates.} 57. Rxd5+ {KR-KR} Kc4 58. Rd7 a3 59. Rc7+ Kb3 60. Rb7+ Kc2 61. Rc7+ Kd2 62. Rd7+ Ke2 63. Re7+ Kf2 64. Rf7+ Kg3 {Weighted Error Value: White=0.43/Black=0.17 (very precise)} 0-1

[Event "MPL National Senior Chess-ch 2022"]
[Site "Kanpur"]
[Date "2022.03.02"]
[Round "10.4"]
[White "Swapnil, S. Dhopade"]
[Black "Sethuraman, S.P."]
[Result "0-1"]
[WhiteElo "2495"]
[BlackElo "2619"]
[Annotator "TA"]
[PlyCount "106"]
[EventDate "2022.02.25"]
[EventCountry "IND"]
[SourceTitle "playchess.com"]
[Source "ChessBase"]
[SourceQuality "1"]

{[%evp 21,106,0,0,0,0,0,0,0,0,0,15,12,26,2,22,2,16,11,12,30,24,27,23,16,56,40,43,0,0,0,29,29,32,26,33,33,30,33,31,32,35,23,26,33,26,0,61,39,56,16,12,0,0,-60,-62,-66,-8,-14,-31,-259,-250,-265,-51,-24,0,-216,-252,-206,0,-601,-566,-1383,-1345,-1343,-1175,-1208,-1366,-1359,-1337,-29987,-29988,-29987,-29988,-29991,-29992,-29992,-29993]} 1. Nf3 c5 2. g3 g6 3. c4 Bg7 4. Nc3 Nc6 5. Bg2 d6 6. d3 e6 7. O-O Nge7 8. Rb1 O-O 9. a3 b6 10. Bd2 Bb7 11. b4 Qd7 12. Qa4 {A37: Symmetrical English vs ...g6: 4 Bg2 Bg7 5 Nf3.} Rfd8 13. Rfc1 {was the old line (13.Rfd1).} h6 14. h4 {The position is equal.} Nf5 15. e3 {[#]} Qc7 $5 $146 {[%mdl 8] New and interesting.} ({Predecessor:} 15... Kh8 16. Qd1 Qe7 17. Ne2 Rac8 18. Bc3 Ne5 19. Nxe5 dxe5 20. e4 Nd4 21. Nxd4 exd4 22. Bd2 {½-½ (22) Hausrath,D (2493)-Tari,A (2614) Germany 2018}) 16. Qd1 Qe7 17. Qe2 {[%cal Oh4h5]} Rac8 18. b5 Nb8 19. e4 Nd4 20. Nxd4 cxd4 21. Na2 Nd7 22. a4 a5 23. bxa6 $1 Bxa6 24. a5 (24. e5 $14) 24... bxa5 $11 25. Bxa5 Re8 26. Nb4 Bb7 {[#]} 27. Nd5 $1 exd5 28. Rxb7 Qe6 {To avoid Qg4} 29. Qf1 dxc4 30. Bh3 {This bishop pair is nice.} f5 31. exf5 gxf5 32. dxc4 {Strongly threatening Re1.} Nc5 33. Rb5 Qg6 (33... d3 $1 $11) 34. Qd1 Re5 35. Qf3 Rf8 $1 36. Bd2 f4 $1 37. Bg2 (37. Bxf4 $11 Nd3 38. h5 (38. Rxe5 dxe5 39. h5 Qh7 $17) 38... Rxf4 39. Qd1 (39. Qxf4 $2 Nxf4 40. hxg6 Ne2+ 41. Kf1 Nxc1 $19)) 37... fxg3 $15 38. Qxg3 Qf6 (38... Qxg3 $15 39. fxg3 Re2) 39. Rcb1 Re2 {[%csl LRd2,LRf2]} 40. Be1 {[#]} (40. Bd5+ $2 Kh8 41. Ba5 Rxf2 $19) (40. Bb4 $1 $15) 40... d3 $1 $19 41. Bf1 Re4 (41... Ree8 $19 {And now ...Kh8 would win.} 42. Rd1 Kh8 43. Rxc5 dxc5 44. Bxd3 Rg8) 42. Bg2 $15 ({Wrong is} 42. Bb4 $2 Qd4 43. Bh3 (43. Bxc5 $2 dxc5 44. Bh3 d2 $19) 43... d2 44. Bxd2 Qxd2 $19) 42... Re2 (42... Rxh4 $11 43. Rb6 Rd8) 43. Bf1 $19 Ree8 44. Bg2 Qd4 $2 ({Better is} 44... Kh8 $19 {Threatens to win with ...Qf5.} 45. Rb6 Qf5) 45. Bd5+ $2 {[%mdl 8192]} (45. Bd2 $11) 45... Kh8 46. Rd1 Be5 47. Qh3 Bf4 {White must now prevent ...d2.} 48. Bb4 Re2 49. Rf1 Be5 {[%cal Re2f2]} 50. Kh1 Rexf2 {Black mates.} 51. Rxf2 Qxf2 ({Resist} 51... Rxf2 52. Qc8+ Kg7 53. Qg8+ Kf6 54. Qf7#) 52. Bxc5 dxc5 53. Rb1 d2 {Weighted Error Value: White=0.59/Black=0.23 (precise)} 0-1

[Event "MPL National Senior Chess-ch 2022"]
[Site "Kanpur"]
[Date "2022.03.02"]
[Round "10.5"]
[White "Lalith Babu M R"]
[Black "Pranav Vijay"]
[Result "0-1"]
[WhiteElo "2563"]
[BlackElo "2265"]
[Annotator "TA"]
[PlyCount "82"]
[EventDate "2022.02.25"]
[EventCountry "IND"]
[SourceTitle "playchess.com"]
[Source "ChessBase"]
[SourceQuality "1"]

{[%evp 9,82,26,44,-8,-12,-22,-9,-25,-22,-27,-28,-25,-19,-18,-22,-61,-59,-90,-74,-72,-50,-69,-64,-64,-67,-112,-66,-32,-6,-54,-21,-42,14,0,0,0,0,0,0,0,21,0,8,14,4,0,6,-56,-50,-56,-18,-88,-97,-97,-97,-196,-196,-200,-202,-519,-514,-470,-203,-449,-397,-502,-482,-558,-512,-759,-758,-677,-658,-1817,-1579]} 1. d4 Nf6 2. c4 e6 3. g3 c5 4. d5 exd5 5. cxd5 b5 6. a4 {A60: Modern Benoni: Early Divergences.} (6. Nh3 $14) 6... b4 $11 7. Bg2 d6 8. Nd2 {The position is equal.} g6 9. Nc4 Ba6 10. Qb3 Bxc4 11. Qxc4 Bg7 {[#]} 12. Qb5+ $146 ({Predecessor:} 12. Nf3 O-O 13. O-O Nbd7 14. a5 Qe7 15. h3 Ne4 16. Ra2 f5 17. h4 h6 18. Qd3 {0-1 (30) Saenz,I-Kraai,J (2498) San Diego 2009}) 12... Nbd7 13. Bf4 Rb8 14. Qd3 ({Wrong is} 14. Qc6 $2 Rb6 15. Bxd6 Rxc6 $19) 14... Qe7 15. Nf3 Ne4 16. Rb1 O-O {Black is more active.} 17. O-O (17. a5 $15 {should be considered.}) 17... Nb6 (17... a5 $1 $17) 18. a5 $15 Nd7 (18... Na4 {keeps more tension.} 19. Be5 Nec3 20. Bxg7 Qxe2 21. Qe3 Qxe3 22. fxe3 Kxg7 23. bxc3 Nxc3 24. Rb3 c4) 19. Rfc1 (19. h4 $11 {is more appropriate.}) 19... Rfe8 20. Qa6 Nf8 ({Black should play} 20... g5 $15 21. Be3 h6) 21. Ne1 $11 g5 22. Bxe4 Qxe4 23. Bxg5 ({Not} 23. Bxd6 $2 Qg6 24. Qxa7 Qxd6 25. Qxc5 Qxc5 26. Rxc5 Rxe2 $19) 23... Qxd5 24. Be3 Re6 25. Qxa7 (25. Nd3 $5 {[%cal Rd3f4]}) 25... Qa8 26. Qxa8 Rxa8 27. Nd3 Rxa5 28. Ra1 {Prevents Ra2.} ({White should try} 28. Nf4 $11) 28... Rxa1 $15 29. Rxa1 b3 {...c4 is the strong threat.} ({But not} 29... c4 30. Nxb4 Bxb2 31. Ra2 $16) 30. Ra4 (30. Nf4 $1 $11 Re8 31. Nd5) 30... Re8 $1 $17 31. Kg2 Ne6 32. Kf3 (32. f4 $17) 32... Rc8 $1 $19 33. Bc1 c4 $1 34. Nf4 (34. Nb4 {was the crucial defense.} Nd4+ 35. Kg2 Nxe2 36. Nd5) 34... Nxf4 35. gxf4 {[%mdl 4096] Endgame KRB-KRB} d5 (35... c3 $142 36. bxc3 Bxc3) 36. Rb4 $2 {[#]} (36. Ra1) 36... f5 $1 37. Rb5 {[#]} Ra8 $1 {aiming for ...Ra1. Black is clearly winning.} 38. Rxd5 Ra1 39. Be3 c3 40. Rd8+ Kf7 41. Rd7+ Ke6 {Weighted Error Value: White=0.55/Black=0.15 (very precise)} 0-1